000 00573cam a2200181 i 4500
005 20260128091619.0
008 250721s1994 le gr 000 0 ara d
020 _a9772711133
082 1 4 _a364
_bج م ا
100 1 _aالكاشف، جمال
_eمؤلف.
245 1 0 _aأغرب الجرائم والمحاكمات /
_cجمال الكاشف.
264 3 1 _aالقاهرة :
_bمكتبة ابن سينا للنشر،
_c1994.
300 _a143 صفحة.
650 1 7 _aالجريمة.
650 1 7 _aالمجرمون.
942 _2ddc
_cBK
999 _c20670
_d20670